LIBRARY & INFORMATION CENTRE, KCAET, TAVANUR

ONLINE PUBLIC ACCESS CATALOGUE (OPAC)

Normal view MARC view
  • ANOOP A

Entry Personal Name

Number of records used in: 1

001 - CONTROL NUMBER

  • control field: 2393

003 - CONTROL NUMBER IDENTIFIER

  • control field: OSt

005 - DATE AND TIME OF LATEST TRANSACTION

  • control field: 20171228160135.0

008 - FIXED-LENGTH DATA ELEMENTS

  • fixed length control field: 171228|| aca||aabn | a|a d

040 ## - CATALOGING SOURCE

  • Original cataloging agency: OSt
  • Transcribing agency: OSt

100 ## - HEADING--PERSONAL NAME

  • Personal name: ANOOP A

670 ## - SOURCE DATA FOUND

  • Source citation: Work cat.: (OSt)14990: ANOOP A DEEPIKA S.V JAISY JOSEPH, Standardization of a technology for virgin coconut oil
free website counter